Biblioteca

Listening to your life (Registro nro. 64837)

Detalles MARC
000 -LÍDER
Campo fijo de descripción fija 01136nam a22003374i 4500
001 - NÚMERO DE CONTROL
Campo de control sky203521858
003 - IDENTIFICADOR DEL NÚMERO DE CONTROL
Campo de control SKY
005 - FECHA Y HORA DE LA ULTIMA TRANSACCIÓN
control field 20190222161835.0
008 - ELEMENTOS DE LONGITUD FIJA -- INFORMACIÓN GENERAL
Campo fijo de descripción fija -- Información general 920206t19921992cau b 001 0 eng
010 ## - NÚMERO DE CONTROL DE LA BIBLIOTECA DEL CONGRESO
Número de control LC 92052653
020 ## - NÚMERO INTERNACIONAL NORMALIZADO PARA LIBROS
Número Internacional Normalizado del libro 9780060698645 (alk. paper)
020 ## - NÚMERO INTERNACIONAL NORMALIZADO PARA LIBROS
Número Internacional Normalizado del libro 0060698640 (alk. paper)
040 ## - FUENTE DE CATALOGACIÓN
Agencia de catalogación original DLC
Agencia que realiza la transcripción CO-MdFUSB
Agencia que realiza la modificación DLC
-- SKYRV
-- UtOrBLW
Idioma de catalogación spa
Convenciones de la descripción rda
041 ## - CÓDIGO DE IDIOMA
Código de idioma para texto/pista de sonido o título separado eng
082 ## - NÚMERO DE CLASIFICACIÓN DECIMAL DEWEY
Número de la edición del Dewey 23
Número de clasificación 242.2
Clave de autor-Numero de item B928
100 1# - ASIENTO PRINCIPAL--NOMBRE PERSONAL
Nombre personal Buechner, Frederick,
Fechas asociadas con el nombre 1926-
Término relacionador autor
242 10 - TRADUCCIÓN DEL TÍTULO POR AGENCIA CATALOGADORA
Título Escuchando tu vida
Parte restante del título - Subtítulo : Meditaciones diarias con Frederick Buechne
Idioma del título original Inlgés
245 10 - TÍTULO
Título del Material Listening to your life
Parte restante del título - Subtitulo : daily meditations with Frederick Buechner
Mención de responsabilidad, etc. / Frederick Buechner, compilador George Connor.
264 #1 - PRODUCCIÓN, PUBLICACIÓN, DISTRIBUCIÓN, MANUFACTURA, Y COPYRIGHT
Lugar de producción, publicación, distribución, manufactura New York,
Nombre del productor, publicador, distribuidor HarperCollins Publishers,
Fecha de producción, publicación, distribución, manufactura, o copyright ℗[1992]
264 #4 - PRODUCCIÓN, PUBLICACIÓN, DISTRIBUCIÓN, MANUFACTURA, Y COPYRIGHT
Fecha de producción, publicación, distribución, manufactura, o copyright ©1992.
300 ## - DESCRIPCIÓN FÍSICA
Extensión xiv, 358 páginas
Dimensiones : 19 cm.
336 ## - TIPO DE CONTENIDO
Término de tipo de contenido texto
Código de tipo de contenido txt
Fuente rdacontent.
337 ## - TIPO DE MEDIO
Nombre del tipo de medio sin mediación
Código del tipo de medio n
Fuente rdamedia.
338 ## - TIPO DE SOPORTE
Nombre del tipo de soporte volumen
Código Tipo de soporte nc
Fuente rdacarrier.
563 ## - NOTA DE ENCUADERNACIÓN
Nota de encuadernación Tapa rústica
650 #0 - ASIENTO SECUNDARIO DE MATERIA - TERMINO TEMÁTICO
Término temático o nombre geográfico como elemento de entrada Vida espiritual
9 (RLIN) 51
700 1# - ASIENTO SECUNDARIO - NOMBRE PERSONAL
Nombre personal Connor, George.
Responsabilidad Compilador
942 ## - TIPO DE MATERIAL (KOHA)
Tipo de Item KOHA Libros General
Existencias
Estado de Material Estado de Perdido Forma de Clasificación Estado de Dañado No para Préstamo Colección Biblioteca de Origen Biblioteca Permanente Fecha de Adquisición Total de Préstamos Signatura Topográfica Código de Barras Última vez visto Ejemplar/Existencia Fecha de Remplazo Tipo de Material
    Dewey Decimal Classification     Colección General Biblioteca FUSBC Biblioteca FUSBC 22/02/2019   G 242.2 B928l 12706 12/12/2019 Ej. 1 22/02/2019 Libros General

Biblioteca FUSBC | Teléfono: (57+4) 349 88 10 Ext. 141| WhatsApp (+57) 3005338115 
E-mail: biblioteca@unisbc.edu.co | Calle 76 87-14 Robledo Palenque, Medellín, Colombia

Con tecnología Koha